000
00309nam a22001217a 4500
020
_a
07-015455-4
082
_a
620.0045 HAN'D
100
_a
DARIDSON, A
_9
78972
245
_a
HANDBOOK OF PRECISION ENGINEERING VOLUME 1 FUNDAMENTALS
260
_a
NEWYORK
_b
MCGRAW HILL
_c
1970
300
_a
IX,423P
942
_c
BK
999
_c
584043
_d
584043